| 000 | 00555nam a22001937a 4500 | ||
|---|---|---|---|
| 005 | 20010101061458.0 | ||
| 008 | 010101b xxu||||| |||| 00| 0 eng d | ||
| 020 |
_a9780143032762 _c599 |
||
| 040 | _aLoreto College | ||
| 041 | _aEnglish | ||
| 082 |
_a822(I) _bDAT |
||
| 100 | _aDattani, Mahesh | ||
| 245 |
_aCollected plays _bVolume II: Screen, Stage and Radio Plays _cMahesh Dattani |
||
| 260 |
_aNew Delhi _bPenguin India _c2005 |
||
| 300 |
_aviii,572p _b23 cm |
||
| 650 |
_aDrama _vIndian Writing in English _yModern |
||
| 850 | _aLCLIB | ||
| 942 | _cBK | ||
| 999 |
_c39950 _d90429 |
||